|
|
|
|
| LEADER |
00000cam a2200000 c 4500 |
| 001 |
222992743 |
| 003 |
DE-627 |
| 005 |
20251222205605.0 |
| 007 |
tu |
| 008 |
970129s1997 xxc||||| 00| ||eng c |
| 010 |
|
|
|a 97130011
|
| 020 |
|
|
|a 0802006876
|c (bound)
|9 0-8020-0687-6
|
| 020 |
|
|
|a 0802076432
|c (pbk.)
|9 0-8020-7643-2
|
| 035 |
|
|
|a (DE-627)222992743
|
| 035 |
|
|
|a (DE-576)065920600
|
| 035 |
|
|
|a (DE-599)GBV222992743
|
| 035 |
|
|
|a (OCoLC)260046293
|
| 035 |
|
|
|a (OCoLC)36909537
|
| 040 |
|
|
|a DE-627
|b ger
|c DE-627
|e rakwb
|
| 041 |
|
|
|a eng
|
| 044 |
|
|
|c XD-CA
|
| 050 |
|
0 |
|a HQ472.C2
|
| 050 |
|
0 |
|a HQ472.C2B34 1997
|
| 082 |
0 |
|
|a 363.4/7/0971
|q LOC
|2 21
|
| 084 |
|
|
|a 7,26
|2 ssgn
|
| 084 |
|
|
|a 15.87
|2 bkl
|
| 084 |
|
|
|a 15.08
|2 bkl
|
| 084 |
|
|
|a 71.25
|2 bkl
|
| 245 |
0 |
0 |
|a Bad attitude/s on trial
|b pornography, feminism, and the Butler decision
|c [Mitarb.:] Brenda Cossman
|
| 264 |
|
1 |
|a Toronto [u.a.]
|b University of Toronto Press
|c 1997
|
| 300 |
|
|
|a IX, 273 S
|b ill
|c 24 cm
|
| 336 |
|
|
|a Text
|b txt
|2 rdacontent
|
| 337 |
|
|
|a ohne Hilfsmittel zu benutzen
|b n
|2 rdamedia
|
| 338 |
|
|
|a Band
|b nc
|2 rdacarrier
|
| 500 |
|
|
|a Includes bibliographical references (p. [243]-259) and index
|
| 583 |
1 |
|
|a Archivierung prüfen
|c 20200919
|f DE-640
|z 1
|2 pdager
|
| 583 |
1 |
|
|a Archivierung prüfen
|c 20240324
|f DE-4165
|z 1
|2 pdager
|
| 600 |
1 |
0 |
|a Butler, Donald Victor
|x Trials, litigation, etc
|
| 600 |
1 |
0 |
|a Butler, Donald Victor
|
| 630 |
2 |
0 |
|a Bad attitude
|
| 650 |
|
0 |
|a Obscenity (Law)
|z Canada
|
| 650 |
|
0 |
|a Feminism
|z Canada
|
| 650 |
|
0 |
|a Pornography
|x Political aspects
|z Canada
|
| 650 |
|
0 |
|a Pornography
|x Social aspects
|z Canada
|
| 650 |
|
0 |
|a Pornography
|x Political aspects
|x Canada
|
| 650 |
|
0 |
|a Pornography
|x Social aspects
|x Canada
|
| 650 |
|
0 |
|a Obscenity Law
|x Canada
|
| 650 |
|
0 |
|a Feminism
|x Canada
|
| 689 |
0 |
0 |
|d g
|0 (DE-588)4029456-0
|0 (DE-627)106274163
|0 (DE-576)208982698
|a Kanada
|2 gnd
|
| 689 |
0 |
1 |
|d s
|0 (DE-588)4046809-4
|0 (DE-627)104665378
|0 (DE-576)209071036
|a Pornografie
|2 gnd
|
| 689 |
0 |
2 |
|d s
|0 (DE-588)4115710-2
|0 (DE-627)105812242
|0 (DE-576)209495456
|a Rechtsprechung
|2 gnd
|
| 689 |
0 |
|
|5 (DE-627)
|
| 700 |
1 |
|
|8 1\p
|a Cossman, Brenda
|d 1960-
|0 (DE-588)1203253753
|0 (DE-627)1688055851
|4 oth
|
| 856 |
4 |
2 |
|u http://www.gbv.de/dms/hbz/toc/ht008165774.pdf
|m V:DE-605
|q pdf/application
|v 2008-11-15
|x Verlag
|y Inhaltsverzeichnis
|3 Inhaltsverzeichnis
|7 1
|
| 883 |
|
|
|8 1\p
|a cgwrk
|d 20241001
|q DE-101
|u https://d-nb.info/provenance/plan#cgwrk
|
| 935 |
|
|
|i Blocktest
|
| 936 |
b |
k |
|a 15.87
|j USA
|x Geschichte
|0 (DE-627)181569760
|
| 936 |
b |
k |
|a 15.08
|j Sozialgeschichte
|0 (DE-627)181571005
|
| 936 |
b |
k |
|a 71.25
|j Sexualität
|x Soziologie
|0 (DE-627)106409050
|
| 951 |
|
|
|a BO
|
| ELC |
|
|
|b 1
|
| LOK |
|
|
|0 000 xxxxxcx a22 zn 4500
|
| LOK |
|
|
|0 001 3248019468
|
| LOK |
|
|
|0 003 DE-627
|
| LOK |
|
|
|0 004 222992743
|
| LOK |
|
|
|0 005 19980515000000
|
| LOK |
|
|
|0 008 980515||||||||||||||||ger|||||||
|
| LOK |
|
|
|0 040
|a DE-21
|c DE-627
|d DE-21
|
| LOK |
|
|
|0 852
|a DE-21
|
| LOK |
|
|
|0 852 1
|c KB 19 A 6515
|9 00
|
| LOK |
|
|
|0 935
|a krim
|
| LOK |
|
|
|0 936ln
|a k9.5.5
|
| LOK |
|
|
|0 939
|a 15-05-98
|b l01
|
| ORI |
|
|
|a SA-MARC-krimdoka001.raw
|
| SIG |
|
|
|a UB: KB 19 A 6515
|
| TIM |
|
|
|a 100018670701_100020261231
|b 1867-07-01 - 2026
|